| 000 | 00670cab a2200241 4500 | ||
|---|---|---|---|
| 001 | WB3246-26 | ||
| 008 | 090401t1996 xxu||||| |||| 00| 0 eng d | ||
| 035 | _a(Sirsi) u64357 | ||
| 041 | _aeng | ||
| 245 | _aRevised MPG7 published | ||
| 260 | _c1996 | ||
| 350 | _a0 | ||
| 490 |
_aDoE News Release _v(519) 29 November 1996, (3) |
||
| 520 | _aSummarises revised guidance MPG7 on the reclamation of mineral workings has been published. (TSO £12) | ||
| 650 | _aMINERAL EXTRACTION | ||
| 650 | _aMINERAL WORKINGS | ||
| 650 | _aMPG7 | ||
| 650 | _aPLANNING POLICY | ||
| 650 | _aRECLAMATION | ||
| 690 | _aMINING AND MINERALS | ||
| 942 | _n0 | ||
| 948 | _c04/03/1997 | ||
| 999 |
_c40080 _d40080 |
||